| 000 | 00000nam 2200000za 4500 |
| 001 | 9.823114 |
| 003 | CaOODSP |
| 005 | 20221107143827 |
| 007 | cr ||||||||||| |
| 008 | 160823s1993 oncda #o f001 0 eng d |
| 020 | |z0-660-14291-0 |
| 040 | |aCaOODSP|beng |
| 043 | |an-cn--- |
| 086 | 1 |aCS89-527/1993E-PDF |
| 245 | 00|aCanadian National Child Care Study |h[electronic resource] : |bwhere are the children? : an overview of child care arrangements in Canada / |cHillel Goelman ... [et al.]. |
| 260 | |aOttawa : |bStatistics Canada [and] Health and Welfare Canada, |c1993. |
| 300 | |a90 p. : |bcharts, ill. |
| 500 | |aIssued also in French under title: Étude nationale canadienne sur la garde des enfants : où sont les enfants? : aperçu des modalités de garde des enfants au Canada. |
| 500 | |aDigitized edition from print [produced by Statistics Canada]. |
| 500 | |a"The Canadian National Child Care Study is a cooperative research project among members of the National Day Care Research Network, Statistics Canada, and Health and Welfare Canada." |
| 504 | |aIncludes bibliographic references. |
| 520 | |a"This document is one of a series of research reports based on the 1988 National Child Care Survey which focuses on the relationship between parents' work lives and child care." -- Intro, p. 11. |
| 692 | 07|2gccst|aChildren |
| 692 | 07|2gccst|aChild care |
| 692 | 07|2gccst|aDaycare |
| 692 | 07|2gccst|aStatistics |
| 692 | 07|2gccst|aSocioeconomic analysis |
| 700 | 1 |aGoelman, Hillel, |d1951- |
| 710 | 1 |aCanada. |bHealth and Welfare Canada. |
| 775 | 08|tÉtude nationale canadienne sur la garde des enfants |w(CaOODSP)9.823127 |
| 776 | 0#|tCanadian National Child Care Study: Where are the children? An overview of child care arrangements in Canada / |w(CaOODSP)9.644519 |
| 856 | 40|qPDF|s1.61 MB|uhttps://publications.gc.ca/collections/collection_2016/statcan/CS89-527-1993-eng.pdf |